[Event "Russian Superfinals (Women)"]
[Site "Nizhny Novgorod RUS"]
[Date "2013.10.05"]
[EventDate "2013.10.05"]
[Round "1.1"]
[Result "1/2-1/2"]
[White "Daria Charochkina"]
[Black "Tatiana Kosintseva"]
[WhiteElo "2343"]
[BlackElo "2515"]
[PlyCount "94"]

1. c4 Nf6 2. Nc3 e5 3. g3 d5 4. cxd5 Nxd5 5. Bg2 Nb6 6. e3 Be7
7. Nge2 O-O 8. O-O c6 9. f4 N8d7 10. b3 a5 11. Qc2 exf4
12. Nxf4 Nf6 13. Bb2 a4 14. bxa4 Nc4 15. Bc1 Qa5 16. d4 Nb6
17. Bd2 Bb4 18. Nd3 Bxc3 19. Bxc3 Qxa4 20. Qxa4 Nxa4 21. Bd2
Be6 22. Nf4 Bc4 23. Rfc1 Bb5 24. e4 Rfe8 25. e5 Nd7 26. Rc2
Nab6 27. Bh3 Nf8 28. Bb4 Ne6 29. Nxe6 fxe6 30. Rf2 Nd5 31. Bd6
Nc3 32. a4 Nxa4 33. Ra3 Bc4 34. Raf3 Nb6 35. Rb2 Bd5 36. Rf1
Ra6 37. Bc5 Nd7 38. Rxb7 Nxc5 39. dxc5 Rf8 40. Rxf8+ Kxf8
41. Rb8+ Kf7 42. Rb7+ Kg6 43. Re7 Ra5 44. Bxe6 Rxc5 45. Bxd5
cxd5 46. g4 Rc4 47. h3 Re4 1/2-1/2

[Event "Russian Superfinals (Women)"]
[Site "Nizhny Novgorod RUS"]
[Date "2013.10.07"]
[EventDate "2013.10.05"]
[Round "3"]
[Result "1-0"]
[White "Anastasia Bodnaruk"]
[Black "Tatiana Kosintseva"]
[WhiteElo "2459"]
[BlackElo "2515"]
[PlyCount "107"]

1. e4 e5 2. Nf3 Nc6 3. Bb5 a6 4. Ba4 Nf6 5. O-O Be7 6. Re1 b5
7. Bb3 O-O 8. d4 d6 9. c3 Bg4 10. Be3 Bh5 11. h3 exd4 12. cxd4
d5 13. e5 Ne4 14. Nbd2 Bb4 15. Qc2 Bxd2 16. Qxc6 Bxf3 17. gxf3
Bxe3 18. fxe3 Qg5+ 19. Kf1 Ng3+ 20. Kf2 Nf5 21. Qxd5 c5
22. Qxc5 Rac8 23. Qb4 Qg3+ 24. Ke2 Qg2+ 25. Kd3 Qxf3 26. d5 a5
27. Qf4 Qxf4 28. exf4 a4 29. Bd1 Rc4 30. Re4 Rc5 31. d6 Rd5+
32. Kc3 Rc8+ 33. Kb4 Nd4 34. Rxd4 Rxd4+ 35. Kxb5 Rxf4 36. Bg4
Rb8+ 37. Kc6 Rc4+ 38. Kd7 Rcc8 39. Re1 g6 40. e6 fxe6
41. Bxe6+ Kg7 42. Rf1 g5 43. b3 axb3 44. axb3 Ra8 45. Rf5 Kg6
46. Rf3 h6 47. Bf7+ Kg7 48. Ke7 Rc1 49. d7 Rd1 50. Bc4 Re1+
51. Be6 Rd1 52. Rf7+ Kh8 53. Rf8+ Rxf8 54. Kxf8 1-0

[Event "Russian Superfinals (Women)"]
[Site "Nizhny Novgorod RUS"]
[Date "2013.10.09"]
[EventDate "2013.10.05"]
[Round "5.1"]
[Result "1/2-1/2"]
[White "Valentina Gunina"]
[Black "Tatiana Kosintseva"]
[WhiteElo "2506"]
[BlackElo "2515"]
[PlyCount "221"]

1. d4 Nf6 2. c4 e6 3. Nc3 Bb4 4. Qc2 O-O 5. Nf3 c5 6. dxc5 Na6
7. g3 Nxc5 8. Bg2 b6 9. O-O Bb7 10. Bf4 Bxc3 11. Qxc3 d5
12. Rad1 Qe7 13. Qa3 Rfd8 14. Ne5 a5 15. Be3 Qc7 16. Bd4 Nfe4
17. cxd5 exd5 18. Ng4 Ne6 19. Be5 Qc5 20. Qf3 h5 21. Nh6+ gxh6
22. Qxh5 Qf8 23. f3 Nd6 24. Bf6 Re8 25. e4 Nc4 26. exd5 Ng7
27. Qxh6 Ne3 28. Bh3 Bc8 29. Rd4 Nxf1 30. Rh4 Qc5+ 31. Bd4
Qxd4+ 32. Rxd4 Bxh3 33. Rh4 f5 34. Rxh3 Ne3 35. Qh7+ Kf7
36. Rh6 Rac8 37. Re6 Nxd5 38. Qg6+ Kg8 39. Rxe8+ Rxe8 40. Qd6
Re1+ 41. Kf2 Rd1 42. h4 Kf7 43. Qd7+ Kf6 44. h5 Nxh5 45. Qc6+
Ke7 46. Qb7+ Kf6 47. Qc6+ Ke7 48. Qg6 Rd2+ 49. Ke1 Re2+
50. Kf1 Rh2 51. Qh7+ Kd6 52. Kg1 Rh3 53. Qh6+ Kc5 54. Qc1+ Kd6
55. Qh6+ Kc5 56. Qf8+ Kd4 57. Qh8+ Kc5 58. Qc8+ Kd4 59. Qh8+
Kc5 60. Kf2 Rh2+ 61. Kg1 Rh3 62. Kf2 Rh2+ 63. Ke1 Rh1+ 64. Kd2
Nxg3 65. Qf8+ Kc6 66. Qa8+ Kc5 67. Qf8+ Kc6 68. Qe8+ Kc5
69. Qf8+ Kc6 70. a4 f4 71. Qe8+ Kc5 72. Qf8+ Kc4 73. Qc8+ Kd4
74. Qe6 Rh2+ 75. Kc1 Re2 76. Qg6 Nf1 77. Kd1 Re5 78. Kc2 Nb4+
79. Kd1 Ne3+ 80. Kc1 Nc4 81. Qg1+ Kd5 82. Qg8+ Kd4 83. Qg1+
Ne3 84. Qg7 Ned5 85. Kd2 Ne3 86. b3 Nf1+ 87. Kd1 Ne3+ 88. Kd2
Nf1+ 89. Kd1 Nd5 90. Kc2 Nde3+ 91. Kc1 Ng3 92. Kd2 Nef1+
93. Kc2 Nf5 94. Qf6 N5e3+ 95. Kc1 Nd5 96. Qg7 Nb4 97. Qf6 Nd3+
98. Kc2 Nb4+ 99. Kd1 Nd5 100. Qg7 Nfe3+ 101. Kd2 Nf1+ 102. Kd1
Nc3+ 103. Kc2 Ne3+ 104. Kd2 Nf1+ 105. Kc1 Nd5 106. Qh8 Ng3
107. Kd2 Nf1+ 108. Kc1 Ng3 109. Kd2 Nf1+ 110. Kc1 Ng3 111. Kd2
1/2-1/2

[Event "Russian Superfinals (Women)"]
[Site "Nizhny Novgorod RUS"]
[Date "2013.10.12"]
[EventDate "2013.10.05"]
[Round "7"]
[Result "0-1"]
[White "Baira Kovanova"]
[Black "Tatiana Kosintseva"]
[WhiteElo "2396"]
[BlackElo "2515"]
[PlyCount "68"]

1. e4 c5 2. Nf3 Nc6 3. d4 cxd4 4. Nxd4 Nf6 5. Nc3 e5 6. Ndb5
d6 7. a4 a6 8. Na3 Be6 9. Bg5 Rc8 10. Bc4 Be7 11. Bxf6 Bxf6
12. Nd5 Bg5 13. O-O O-O 14. c3 Kh8 15. Ba2 g6 16. Nc4 b5
17. Nce3 Rb8 18. Qe2 Qd7 19. Kh1 f5 20. f3 bxa4 21. Bc4 Na5
22. Bxa6 Nb3 23. Rad1 Nc5 24. exf5 gxf5 25. f4 Bh6 26. fxe5 f4
27. Nf6 Qg7 28. Neg4 dxe5 29. Nxh6 Rxf6 30. Qxe5 Nxa6 31. Rd6
Rxh6 32. Qxg7+ Kxg7 33. Rxa6 Bd7 34. h3 Rxa6 0-1

[Event "Russian Superfinals (Women)"]
[Site "Nizhny Novgorod RUS"]
[Date "2013.10.13"]
[EventDate "2013.10.05"]
[Round "8.5"]
[Result "1/2-1/2"]
[White "Tatiana Kosintseva"]
[Black "Alina Kashlinskaya"]
[WhiteElo "2515"]
[BlackElo "2435"]
[PlyCount "202"]

1. e4 e5 2. Nf3 Nc6 3. Bb5 Nf6 4. O-O Nxe4 5. Re1 Nd6 6. Nxe5
Nxe5 7. Rxe5+ Be7 8. Bf1 O-O 9. d4 b6 10. Nc3 Bf6 11. Re1 Bb7
12. Qg4 g6 13. Bh6 Bg7 14. Bg5 f6 15. Bf4 f5 16. Qg3 Bxd4
17. Bxd6 cxd6 18. Nb5 Be5 19. f4 a6 20. fxe5 axb5 21. exd6 Qf6
22. Re7 Bc6 23. Qb3+ Kh8 24. Bxb5 Qd4+ 25. Kh1 Bxb5 26. Qxb5
Rxa2 27. Rae1 Qxd6 28. Rxd7 Ra5 29. Qxa5 Qxd7 30. Qxb6 Qd2
31. Qe3 Qxc2 32. Qd4+ Kg8 33. Qd5+ Rf7 34. b4 Qc3 35. Rb1 f4
36. b5 Qc2 37. Re1 Qc3 38. Rb1 Qc2 39. Rf1 Qe2 40. Rc1 f3
41. gxf3 Qxf3+ 42. Qxf3 Rxf3 43. Rb1 Rf7 44. Kg2 Rb7 45. Kf3
Kf7 46. Kf4 Ke6 47. Kg5 Kd5 48. h4 Kc5 49. b6 Kd5 50. Kf6 Kc5
51. Rb2 Kd5 52. Rd2+ Kc5 53. Rc2+ Kd5 54. Rb2 Kc5 55. Kg5 Kd5
56. Rb1 Kc5 57. Rc1+ Kd5 58. Rc7 Rxb6 59. Rxh7 Ke6 60. Kxg6
Rb1 61. Ra7 Rg1+ 62. Kh6 Kf6 63. h5 Rh1 64. Ra5 Rg1 65. Ra6+
Kf7 66. Rg6 Rh1 67. Rg7+ Kf8 68. Rg5 Rh2 69. Kh7 Kf7 70. h6
Rh1 71. Rf5+ Ke6 72. Rf8 Ke7 73. Rg8 Kf7 74. Rg7+ Kf8 75. Rg4
Kf7 76. Rf4+ Ke7 77. Rf2 Rg1 78. Ra2 Kf7 79. Ra7+ Kf8 80. Rg7
Rh1 81. Rg2 Kf7 82. Rf2+ Ke7 83. Rf3 Rg1 84. Rf4 Rg2 85. Ra4
Kf7 86. Ra6 Rg1 87. Rb6 Rg2 88. Rb7+ Kf8 89. Rg7 Rh2 90. Rg6
Kf7 91. Rg5 Rh1 92. Rg2 Kf8 93. Rf2+ Ke7 94. Kg7 Rg1+ 95. Kh8
Rh1 96. h7 Rg1 97. Ra2 Kf7 98. Ra7+ Kf8 99. Ra8+ Kf7 100. Rg8
Rh1 101. Rg7+ Kf8 1/2-1/2

[Event "SportAccord World Mind Games (Women, Rapid)"]
[Site "Beijing CHN"]
[Date "2013.12.05"]
[EventDate "2013.12.4"]
[Round "6.2"]
[Result "0-1"]
[White "Tatiana Kosintseva"]
[Black "Yifan Hou"]
[WhiteElo "2496"]
[BlackElo "2629"]
[PlyCount "72"]

1. e4 c5 2. Nf3 d6 3. d4 cxd4 4. Nxd4 Nf6 5. Nc3 Nc6 6. Bg5 e6
7. Qd2 a6 8. O-O-O Bd7 9. f3 Be7 10. g4 b5 11. Be3 Qa5 12. Nb3
Qc7 13. g5 Nh5 14. f4 b4 15. Na4 Rb8 16. Be2 g6 17. Bxh5 gxh5
18. Kb1 e5 19. f5 Nd8 20. Nb6 Rxb6 21. Bxb6 Qxb6 22. Qe2 Bxg5
23. Qxh5 h6 24. Rhg1 Bf6 25. Nd2 Bb5 26. Qf3 a5 27. Rg2 a4
28. Nf1 Bxf1 29. Qxf1 Ke7 30. Qd3 Nb7 31. Qd5 Nc5 32. Qc4 Rc8
33. Rgd2 Rg8 34. Re1 Rg4 35. Qd5 Nxe4 36. Rde2 Nc3+ 0-1

[Event "SportAccord World Mind Games (Women, Rapid)"]
[Site "Beijing CHN"]
[Date "2013.12.05"]
[EventDate "2013.12.4"]
[Round "7.3"]
[Result "0-1"]
[White "Tatiana Kosintseva"]
[Black "Ju Wenjun"]
[WhiteElo "2496"]
[BlackElo "2514"]
[PlyCount "60"]

1. e4 e5 2. Nf3 Nc6 3. Bb5 a6 4. Ba4 d6 5. Bxc6+ bxc6 6. d4
exd4 7. Nxd4 c5 8. Ne2 g6 9. c4 Bg7 10. Nbc3 Ne7 11. Bg5 h6
12. Be3 O-O 13. Qd2 Kh7 14. O-O-O Be6 15. Nd5 Rb8 16. Nec3 Nc6
17. h4 Na5 18. Qd3 c6 19. h5 cxd5 20. cxd5 Bd7 21. f4 Bg4
22. hxg6+ fxg6 23. Rdf1 Qb6 24. Rf2 Qb4 25. f5 h5 26. fxg6+
Kg8 27. Rhf1 Rxf2 28. Rxf2 Nc4 29. e5 Nxb2 30. Qc2 Nc4 0-1

[Event "SportAccord World Mind Games (Women)"]
[Site "Beijing CHN"]
[Date "2013.12.12"]
[EventDate "2013.12.12"]
[Round "1.1"]
[Result "1/2-1/2"]
[White "Pia Cramling"]
[Black "Tatiana Kosintseva"]
[WhiteElo "2525"]
[BlackElo "2496"]
[PlyCount "87"]

1. d4 Nf6 2. Nf3 d5 3. c4 e6 4. Nc3 Bb4 5. cxd5 exd5 6. Bg5
Nbd7 7. Qc2 c5 8. g3 Qb6 9. Rd1 Ne4 10. Bd2 Nxd2 11. Nxd2 Bxc3
12. Qxc3 cxd4 13. Qa3 Qc5 14. Qxc5 Nxc5 15. Nb3 Nxb3 16. axb3
Be6 17. Rxd4 Rc8 18. Kd2 Ke7 19. Bg2 Rhd8 20. Ra1 a6 21. Ra5
Rd6 22. Rd3 Rc7 23. Ra4 Rdc6 24. Rc3 Rc5 25. Rd4 R7c6 26. b4
Rb5 27. Rxc6 bxc6 28. Kc3 a5 29. e3 Kd6 30. bxa5 Rxa5 31. b4
Ra2 32. Rd2 Rxd2 33. Kxd2 c5 34. Kc3 Bd7 35. bxc5+ Kxc5 36. h4
f6 37. Bf3 Bf5 38. Bd1 h6 39. f3 Bb1 40. Bb3 Bf5 41. Bd1 Bb1
42. Bb3 Bf5 43. Bd1 Bb1 44. Bb3 1/2-1/2

[Event "SportAccord World Mind Games (Women)"]
[Site "Beijing CHN"]
[Date "2013.12.12"]
[EventDate "2013.12.12"]
[Round "2.5"]
[Result "0-1"]
[White "Tatiana Kosintseva"]
[Black "Koneru Humpy"]
[WhiteElo "2496"]
[BlackElo "2607"]
[PlyCount "122"]

1. e4 e5 2. Nf3 Nc6 3. Bb5 a6 4. Ba4 Nf6 5. O-O Nxe4 6. d4 b5
7. Bb3 d5 8. dxe5 Be6 9. Nbd2 Nc5 10. c3 Be7 11. Bc2 d4
12. cxd4 Nxd4 13. Nxd4 Qxd4 14. Nf3 Qxd1 15. Rxd1 O-O 16. Be3
Rfd8 17. Nd4 Bd5 18. Nf5 Bf8 19. f3 c6 20. Bf2 Re8 21. Re1 Nd7
22. f4 f6 23. Nd6 Red8 24. Nf5 fxe5 25. fxe5 Re8 26. Bg3 Bb4
27. Re2 g6 28. Ne3 Be6 29. a3 Bc5 30. Kh1 Bd4 31. Be4 Rac8
32. Rc1 Nxe5 33. Bxe5 Bxe5 34. Rxc6 Rxc6 35. Bxc6 Rc8 36. Rc2
Kg7 37. Bb7 Rxc2 38. Nxc2 a5 39. Bc6 Bb3 40. Ne3 Bxb2 41. Bxb5
Bxa3 42. Nc4 Bb4 43. Nb2 Kf6 44. Kg1 Ke5 45. Kf2 Kd4 46. h4
Be7 47. h5 Kc3 48. Nd3 gxh5 49. Nf4 h4 50. Ne2+ Kb4 51. Bd3 a4
52. Bxh7 Bc5+ 53. Kf3 Bd1 54. Bg8 Ka3 55. Bc4 Kb4 56. Ba2 Bb6
57. Be6 Ka3 58. Bc4 Kb2 59. Ke4 Bc2+ 60. Kf4 a3 61. Kg4 Bd1
0-1

[Event "SportAccord World Mind Games (Women)"]
[Site "Beijing CHN"]
[Date "2013.12.12"]
[EventDate "2013.12.12"]
[Round "3.7"]
[Result "0-1"]
[White "Zhao Xue"]
[Black "Tatiana Kosintseva"]
[WhiteElo "2568"]
[BlackElo "2496"]
[PlyCount "98"]

1. c4 Nf6 2. Nf3 e6 3. g3 d5 4. Bg2 Be7 5. O-O d4 6. b4 O-O
7. Bb2 c5 8. d3 a5 9. bxc5 Bxc5 10. Ba3 Bxa3 11. Nxa3 Nc6
12. Rb1 e5 13. Nd2 Qe7 14. Qb3 Nd7 15. Nc2 Ra6 16. Qa4 h6
17. Rb5 Nf6 18. Rfb1 Qc7 19. Qa3 Ra7 20. Nb3 Bg4 21. Nc5 b6
22. Na4 Nb4 23. Nxb4 axb4 24. R5xb4 Bxe2 25. Re1 Bg4 26. Qb2
Nd7 27. Nxb6 Nc5 28. Bf1 Bf3 29. Rb5 f6 30. Qb4 Ne6 31. Nd5
Qd7 32. Bh3 Qf7 33. Bg2 Qh5 34. Qb2 Ng5 35. h4 Bxg2 36. Kxg2
Nf3 37. Rh1 f5 38. Rb8 Rf7 39. Rxf8+ Rxf8 40. Qb7 Nd2 41. Re1
Qf3+ 42. Kg1 Qxd3 43. Ne7+ Kh7 44. Rc1 f4 45. Qg2 fxg3
46. Qxg3 Nf3+ 47. Kh1 Rf4 48. Kg2 Qe4 49. Kf1 Rg4 0-1

[Event "SportAccord World Mind Games (Women, Blitz)"]
[Site "Beijing CHN"]
[Date "2013.12.14"]
[EventDate "2013.12.14"]
[Round "1.7"]
[Result "1-0"]
[White "Tatiana Kosintseva"]
[Black "Koneru Humpy"]
[WhiteElo "2496"]
[BlackElo "2607"]
[PlyCount "82"]

1. e4 c5 2. Nf3 e6 3. d4 cxd4 4. Nxd4 a6 5. Bd3 Bc5 6. Nb3 Be7
7. Qg4 g6 8. Qe2 d6 9. O-O Nd7 10. a4 Ne5 11. a5 Nf6 12. Bh6
Nfg4 13. Bd2 O-O 14. f4 Nxd3 15. cxd3 Nf6 16. Nc3 Bd7 17. Be3
Rc8 18. Bb6 Qe8 19. e5 Nd5 20. Nxd5 exd5 21. Nd4 dxe5 22. fxe5
Be6 23. Qe3 Kg7 24. Rae1 Qd7 25. h3 h6 26. Re2 Bg5 27. Qg3 Qe7
28. Nf3 Bf5 29. Rd1 Rc1 30. Ree1 Rxd1 31. Rxd1 Qe6 32. Nxg5
hxg5 33. Bd4 g4 34. hxg4 Bxg4 35. Rf1 Bf5 36. Qg5 Rh8 37. Rf3
Rh5 38. Qf6+ Qxf6 39. exf6+ Kh7 40. Re3 Rh4 41. Bc5 Be6 1-0

[Event "SportAccord World Mind Games (Women, Blitz)"]
[Site "Beijing CHN"]
[Date "2013.12.14"]
[EventDate "2013.12.14"]
[Round "2.3"]
[Result "1-0"]
[White "Yifan Hou"]
[Black "Tatiana Kosintseva"]
[WhiteElo "2629"]
[BlackElo "2496"]
[PlyCount "73"]

1. e4 e5 2. Nf3 Nc6 3. Bb5 a6 4. Ba4 Nf6 5. O-O Be7 6. d3 b5
7. Bb3 d6 8. c3 O-O 9. Nbd2 Na5 10. Bc2 c5 11. Re1 Nc6 12. Nf1
h6 13. h3 Be6 14. Ng3 Re8 15. Bb3 Bf8 16. d4 Bxb3 17. axb3
cxd4 18. cxd4 exd4 19. Nxd4 Nxd4 20. Qxd4 Nd7 21. Nf5 Qf6
22. Qd5 Nc5 23. b4 Na4 24. Rb1 Rac8 25. Be3 Qe6 26. Bd4 g6
27. Ne3 Bg7 28. Bxg7 Kxg7 29. f3 Qe5 30. Red1 Qf4 31. Qd3 Nb6
32. Qd4+ Kh7 33. Qxb6 Qg3 34. Qd4 Rc6 35. Qd2 Qe5 36. Ng4 Qg7
37. Qf4 1-0

[Event "SportAccord World Mind Games (Women, Blitz)"]
[Site "Beijing CHN"]
[Date "2013.12.14"]
[EventDate "2013.12.14"]
[Round "3.6"]
[Result "1-0"]
[White "Tatiana Kosintseva"]
[Black "Viktorija Cmilyte"]
[WhiteElo "2496"]
[BlackElo "2514"]
[PlyCount "115"]

1. e4 c5 2. Nf3 d6 3. d4 Nf6 4. Nc3 cxd4 5. Nxd4 g6 6. Be3 Bg7
7. f3 O-O 8. Qd2 Nc6 9. Bc4 Bd7 10. h4 h5 11. O-O-O Rc8
12. Bb3 Ne5 13. Bg5 Rc5 14. Kb1 Re8 15. Bh6 Nc4 16. Bxc4 Rxc4
17. Bxg7 Kxg7 18. Nd5 e5 19. Nxf6 Qxf6 20. Ne2 Rc6 21. Nc3 Be6
22. Nd5 Bxd5 23. Qxd5 Qe6 24. Qb5 Rb6 25. Qd3 Rc8 26. Rd2 Qc4
27. b3 Qb4 28. g4 hxg4 29. h5 Qc3 30. fxg4 Qxd3 31. Rxd3 Rh8
32. Rdh3 Rc6 33. h6+ Kh7 34. g5 Rf8 35. Rf3 Rc7 36. Rf6 Rc3
37. Rg1 Rc6 38. c4 a6 39. Kb2 b5 40. cxb5 axb5 41. Rc1 Rxc1
42. Kxc1 Rc8+ 43. Kb2 Rc7 44. Rxd6 f5 45. gxf6 Kxh6 46. Re6
Kg5 47. Rxe5+ Kxf6 48. Rxb5 Re7 49. a4 g5 50. a5 Rxe4 51. a6
Re6 52. Ra5 Re8 53. b4 g4 54. b5 g3 55. Kb3 Re3+ 56. Kb4 Re4+
57. Kc5 Re1 58. Ra2 1-0

[Event "SportAccord World Mind Games (Women, Blitz)"]
[Site "Beijing CHN"]
[Date "2013.12.14"]
[EventDate "2013.12.14"]
[Round "4.4"]
[Result "0-1"]
[White "Anna Muzychuk"]
[Black "Tatiana Kosintseva"]
[WhiteElo "2566"]
[BlackElo "2496"]
[PlyCount "202"]

1. f4 d5 2. Nf3 Nf6 3. g3 g6 4. Bg2 Bg7 5. O-O O-O 6. d3 c5
7. Qe1 Nc6 8. e4 e6 9. c3 b6 10. e5 Ne8 11. Nbd2 Ba6 12. Qe2
Nc7 13. c4 b5 14. b3 bxc4 15. dxc4 Rb8 16. Rd1 Qe7 17. Ba3 Nb4
18. Bxb4 cxb4 19. Rac1 dxc4 20. Nxc4 Nd5 21. Qf2 Nc3 22. Rd4
Qc5 23. Bf1 Bb7 24. Rd2 Qxf2+ 25. Rxf2 Ne4 26. Rg2 Rfd8
27. Ne1 Nc3 28. Rd2 Bf8 29. Nd6 Bxd6 30. Rxd6 Rxd6 31. exd6
Rd8 32. a3 Rxd6 33. axb4 Nd5 34. b5 Ne3 35. Bd3 Rd7 36. h3 Bd5
37. Kf2 Nf5 38. Bc4 Bb7 39. Nf3 Kg7 40. Ra1 Be4 41. Ne5 Rc7
42. g4 Nd6 43. Ke3 Bg2 44. h4 f6 45. Nd3 Bd5 46. Bxd5 exd5
47. Kd4 Nxb5+ 48. Kxd5 Rd7+ 49. Kc4 Nd6+ 50. Kd5 Nc8+ 51. Ke4
Nd6+ 52. Ke3 Nb5 53. Nc5 Re7+ 54. Kd3 Kf7 55. Kc4 Nd6+ 56. Kd5
Nb5 57. Ra5 Nc3+ 58. Kc4 Ne2 59. f5 gxf5 60. gxf5 Ng3 61. Ne6
Nxf5 62. Nd8+ Ke8 63. Nc6 Rc7 64. Rxf5 Rxc6+ 65. Kd5 Rb6
66. Rf3 Kf7 67. Rg3 Rb4 68. h5 Rb5+ 69. Kd6 Rxh5 70. Kc6 Ra5
71. b4 Ra1 72. b5 f5 73. Rh3 Kg6 74. Rg3+ Kf6 75. Rh3 Rc1+
76. Kb7 Rb1 77. Ka6 Kg6 78. Rg3+ Kf6 79. Rh3 Ra1+ 80. Kb7 Ra5
81. Kc6 Kg6 82. Rg3+ Kh5 83. Rh3+ Kg4 84. Rxh7 f4 85. Rg7+ Kf3
86. Rg8 Ke3 87. Re8+ Kf2 88. Rf8 f3 89. Rf7 Ke2 90. Re7+ Kf1
91. Rf7 f2 92. Rf5 Ra2 93. Kb7 Kg2 94. Rg5+ Kf3 95. Rf5+ Kg3
96. Rg5+ Kf4 97. Rg8 Ra1 98. Rf8+ Ke3 99. Re8+ Kd4 100. Rf8
f1=Q 101. Rxf1 Rxf1 0-1

[Event "SportAccord World Mind Games (Women, Blitz)"]
[Site "Beijing CHN"]
[Date "2013.12.14"]
[EventDate "2013.12.14"]
[Round "8.6"]
[Result "1-0"]
[White "Pia Cramling"]
[Black "Tatiana Kosintseva"]
[WhiteElo "2525"]
[BlackElo "2496"]
[PlyCount "99"]

1. d4 Nf6 2. Nf3 d5 3. c4 e6 4. Bg5 Bb4+ 5. Nbd2 dxc4 6. Qc2
b5 7. a4 c6 8. Bxf6 gxf6 9. g3 Bb7 10. Bg2 Nd7 11. O-O a6
12. b3 cxb3 13. Qxb3 Be7 14. Rfd1 O-O 15. Ne1 b4 16. a5 Qc7
17. Rdc1 c5 18. dxc5 Bxg2 19. Nxg2 Nxc5 20. Qxb4 Qd7 21. Qg4+
Kh8 22. Rd1 Qd5 23. Ne3 Qg5 24. Ndc4 Qxg4 25. Nxg4 Rab8
26. Nge3 Rb5 27. h4 Kg7 28. Kg2 f5 29. Rab1 Rfb8 30. Rxb5 Rxb5
31. Rd2 f4 32. gxf4 Bxh4 33. Rd6 Bf6 34. Rb6 Bc3 35. f5 Nd7
36. Rd6 Ne5 37. fxe6 fxe6 38. Rxa6 Nxc4 39. Nxc4 e5 40. Ra7+
Kg6 41. a6 Bd4 42. Rb7 Rd5 43. a7 Bxa7 44. Rxa7 e4 45. Ra6+
Kg5 46. Ra5 Rxa5 47. Nxa5 Kf4 48. Nc4 h5 49. Ne3 h4 50. Kh3
1-0

[Event "SportAccord World Mind Games (Women, Blitz)"]
[Site "Beijing CHN"]
[Date "2013.12.14"]
[EventDate "2013.12.14"]
[Round "9.3"]
[Result "1-0"]
[White "Tatiana Kosintseva"]
[Black "Ju Wenjun"]
[WhiteElo "2496"]
[BlackElo "2514"]
[PlyCount "86"]

1. e4 e5 2. Nf3 d6 3. d4 exd4 4. Nxd4 Nf6 5. Nc3 Be7 6. Bf4
O-O 7. Qd2 Nc6 8. O-O-O Nxd4 9. Qxd4 Be6 10. f3 a6 11. h4 b5
12. h5 Nd7 13. Nd5 Bxd5 14. Qxd5 Bf6 15. g4 Nb6 16. Qc6 Qe7
17. c3 Rab8 18. Be3 Rfe8 19. Bd3 b4 20. cxb4 a5 21. f4 h6
22. e5 dxe5 23. Bc5 Qe6 24. Qxe6 fxe6 25. Bb5 axb4 26. Bxe8
Rxe8 27. fxe5 Bxe5 28. Bxb6 cxb6 29. Kc2 Kf7 30. Rd7+ Kf6
31. Re1 Rc8+ 32. Kb3 Rc5 33. Re4 Kg5 34. Rxb4 Bf6 35. Rxb6
Kxg4 36. Rxe6 Rb5+ 37. Kc4 Rxb2 38. a4 Ra2 39. Kb5 Kxh5 40. a5
Rb2+ 41. Kc6 Ra2 42. Rd5+ Kg6 43. Kb7 h5 1-0

[Event "SportAccord World Mind Games (Women, Blitz)"]
[Site "Beijing CHN"]
[Date "2013.12.14"]
[EventDate "2013.12.14"]
[Round "10.7"]
[Result "1-0"]
[White "Elisabeth Paehtz"]
[Black "Tatiana Kosintseva"]
[WhiteElo "2452"]
[BlackElo "2496"]
[PlyCount "45"]

1. b3 d5 2. Bb2 c5 3. e3 Nc6 4. Bb5 Bd7 5. f4 e6 6. Nf3 Nf6
7. O-O Be7 8. Qe2 a6 9. Bxc6 Bxc6 10. Ne5 Qc7 11. d3 O-O
12. Nd2 b5 13. Rf3 Bb7 14. Rh3 c4 15. Ndf3 c3 16. Bc1 Nd7
17. Nxd7 Qxd7 18. Ne5 Qe8 19. Qh5 h6 20. Ng4 f5 21. Nxh6+ gxh6
22. Qxh6 Bf6 23. Rg3+ 1-0

[Event "SportAccord World Mind Games (Women, Blitz)"]
[Site "Beijing CHN"]
[Date "2013.12.15"]
[EventDate "2013.12.14"]
[Round "11.2"]
[Result "0-1"]
[White "Tatiana Kosintseva"]
[Black "Valentina Gunina"]
[WhiteElo "2496"]
[BlackElo "2509"]
[PlyCount "82"]

1. e4 c6 2. d4 d5 3. e5 Bf5 4. Nf3 e6 5. Be2 Ne7 6. O-O c5
7. dxc5 Nec6 8. Be3 Nd7 9. c4 dxc4 10. Na3 Bxc5 11. Bxc5 Nxc5
12. Nxc4 O-O 13. Qc1 Qc7 14. Qe3 Nd7 15. h3 Bg6 16. Rac1 Bh5
17. Rfe1 Rfd8 18. b3 Nf8 19. Nd6 Qe7 20. Nc4 Nb4 21. a3 Nd5
22. Qe4 Bg6 23. Qg4 Nd7 24. Nd4 Rac8 25. Bf3 Nc5 26. Nd6 Rc7
27. N4b5 h5 28. Qd4 Nxb3 29. Rxc7 Qxc7 30. Qxd5 Qa5 31. Qd1 a6
32. Na7 Bc2 33. Qxc2 Qxe1+ 34. Kh2 Qxe5+ 35. g3 Nd4 36. Qe4
Nxf3+ 37. Qxf3 Qxd6 38. Qxb7 Qd7 39. Qb6 Qd4 40. Qxd4 Rxd4
41. Nc6 Ra4 0-1

[Event "SportAccord World Mind Games (Women, Blitz)"]
[Site "Beijing CHN"]
[Date "2013.12.15"]
[EventDate "2013.12.14"]
[Round "12.8"]
[Result "1-0"]
[White "Zhao Xue"]
[Black "Tatiana Kosintseva"]
[WhiteElo "2568"]
[BlackElo "2496"]
[PlyCount "121"]

1. c4 Nf6 2. Nf3 e6 3. g3 d5 4. Bg2 Be7 5. O-O d4 6. e3 c5
7. exd4 cxd4 8. b4 O-O 9. Bb2 Bxb4 10. Nxd4 Be7 11. Nb3 Qc7
12. Qc2 Nc6 13. d4 Bd7 14. N1d2 Rac8 15. Rac1 Nb4 16. Qb1 b6
17. Rfe1 Rfe8 18. Nf3 Qd8 19. a3 Nc6 20. d5 Nb8 21. Ng5 h6
22. Bxf6 hxg5 23. Bb2 Bf6 24. Nd4 e5 25. Nf5 Bxf5 26. Qxf5 Qd6
27. Bh3 Rcd8 28. a4 Na6 29. a5 Nc5 30. Ba3 g6 31. Qb1 Kg7
32. Qb5 Rh8 33. Bg4 Be7 34. Rxe5 Bf6 35. Re2 Qc7 36. Bb2 Bxb2
37. Qxb2+ Kh7 38. Qf6 Rd6 39. Re7 Rxf6 40. Rxc7 Nd3 41. Rf1
Ne5 42. Be2 Kg7 43. f4 gxf4 44. gxf4 Rf5 45. fxe5 Rg5+ 46. Kh1
Rxe5 47. Rfxf7+ Kh6 48. Rf3 Rhe8 49. Bf1 bxa5 50. Rff7 Re1
51. Kg1 R8e4 52. Kf2 Rc1 53. Bd3 Rd4 54. Ke3 Rg4 55. d6 Re1+
56. Kd2 Re6 57. d7 Rd4 58. Rh7+ Kg5 59. h4+ Kg4 60. Kc3 Red6
61. Be2+ 1-0

[Event "SportAccord World Mind Games (Women, Blitz)"]
[Site "Beijing CHN"]
[Date "2013.12.15"]
[EventDate "2013.12.14"]
[Round "13.1"]
[Result "1-0"]
[White "Tatiana Kosintseva"]
[Black "Kateryna Lahno"]
[WhiteElo "2496"]
[BlackElo "2543"]
[PlyCount "99"]

1. e4 e6 2. d4 d5 3. Nc3 Bb4 4. e5 c5 5. a3 Ba5 6. b4 cxd4
7. Nb5 Bc7 8. Nf3 Nc6 9. Bf4 Nge7 10. Bd3 Ng6 11. Bxg6 fxg6
12. O-O O-O 13. Bg3 Bd7 14. Nd6 Bxd6 15. exd6 Qf6 16. Re1 Rac8
17. Qd2 a6 18. h3 Rfe8 19. Ne5 Nxe5 20. Rxe5 Rc4 21. a4 Rec8
22. b5 a5 23. Kh2 b6 24. Ra3 R8c5 25. Rf3 Rxc2 26. Qxd4 Qd8
27. Qf4 Qe8 28. Qg5 Rc8 29. h4 h6 30. Qe3 R2c5 31. Qd4 Qd8
32. Re1 Rc4 33. Qd3 Qe8 34. Rfe3 Rxa4 35. Kg1 Rac4 36. Be5
Rxh4 37. Rg3 g5 38. Qd2 Rhc4 39. Qb2 Qg6 40. Rf3 Qc2 41. Qa1
Ra4 42. Ra3 Rxa3 43. Qxa3 a4 44. Qe3 Qc5 45. Qf3 a3 46. Ra1
Ra8 47. Qd3 a2 48. Qg6 Kf8 49. Bxg7+ Kg8 50. Bf6+ 1-0

[Event "SportAccord World Mind Games (Women, Blitz)"]
[Site "Beijing CHN"]
[Date "2013.12.15"]
[EventDate "2013.12.14"]
[Round "15.2"]
[Result "1-0"]
[White "Nana Dzagnidze"]
[Black "Tatiana Kosintseva"]
[WhiteElo "2557"]
[BlackElo "2496"]
[PlyCount "121"]

1. c4 Nf6 2. Nc3 e5 3. g3 Nc6 4. Bg2 d6 5. Rb1 Be7 6. b4 O-O
7. d3 Rb8 8. Nf3 Nd4 9. Nxd4 exd4 10. Nb5 c5 11. Nxa7 d5
12. Nxc8 Rxc8 13. bxc5 dxc4 14. dxc4 Rxc5 15. O-O b6 16. Qb3
Nd7 17. Rd1 Ne5 18. Ba3 Rc7 19. Bxe7 Rxe7 20. Qxb6 Qxb6
21. Rxb6 Nxc4 22. Rb4 Na3 23. Bf3 g6 24. Rbxd4 Kg7 25. Rd7
Rfe8 26. Rxe7 Rxe7 27. Rd3 Ra7 28. Bd5 Nb5 29. Bb3 Kf6 30. f4
Ke7 31. Kf2 f5 32. Kf3 Nd6 33. Re3+ Kd7 34. Be6+ Kc6 35. Rc3+
Kb6 36. Bd5 Nb5 37. Rc6+ Ka5 38. e3 Kb4 39. Rc4+ Ka3 40. Rc8
Kb4 41. Bb3 Rd7 42. Rb8 Ka5 43. Bc4 Nd6 44. Be6 Rc7 45. Bd5
Rc5 46. Bb3 Nb5 47. Rb7 Nc3 48. Rxh7 Ne4 49. Re7 Rc1 50. Rxe4
fxe4+ 51. Kxe4 Rh1 52. g4 Rxh2 53. f5 g5 54. f6 Rf2 55. f7 Kb6
56. Ke5 Kc7 57. Ke6 Kd8 58. e4 Rf4 59. e5 Rf2 60. Bc2 Rf4
61. Bf5 1-0